[Event "Irkutsk Region-ch"]
[Site "Irkutsk"]
[Date "2017.10.26"]
[Round "7"]
[White "Kuzmin, Ilya"]
[Black "Khipkhenov, Igor"]
[Result "0-1"]
[WhiteElo "2214"]
[BlackElo "1996"]
[PlyCount "48"]
[EventDate "2017.10.21"]
[EventType "swiss"]
[EventRounds "9"]
[EventCountry "RUS"]
[SourceTitle "CBM 181 Extra"]
[Source "ChessBase"]
[SourceDate "2017.12.12"]
[SourceVersion "1"]
[SourceVersionDate "2017.12.12"]
[SourceQuality "1"]

1. d4 e6 2. e4 d5 3. Nc3 Nf6 4. Bg5 dxe4 5. Nxe4 Be7 6. Bxf6 Bxf6 7. Nf3 0-0 8. Nxf6+ Qxf6 9. Bd3 c5 10. c3 cxd4 11. Nxd4 a6 12. Qc2 g6 13. h4 h5 14. Nf3 Nc6 15. Ng5 e5 16. 0-0-0 b5 17. f3 b4 18. Be4 bxc3 19. Qxc3 Bf5 20. g4 Nd4 21. Kb1 Rfc8 22. Qd3 Bxe4 23. Qxe4 Rab8 24. gxh5 Rxb2+ 0-1

[Event "Irkutsk-ch"]
[Site "Irkutsk"]
[Date "2017.02.12"]
[Round "3"]
[White "Eliseev, Nikolay1111"]
[Black "Khipkhenov, Igor"]
[Result "0-1"]
[WhiteElo "1761"]
[BlackElo "2027"]
[PlyCount "100"]
[EventDate "2017.02.04"]
[EventType "swiss"]
[EventRounds "9"]
[EventCountry "RUS"]
[SourceTitle "CBM 177 Extra"]
[Source "ChessBase"]
[SourceDate "2017.04.27"]
[SourceVersion "1"]
[SourceVersionDate "2017.04.27"]
[SourceQuality "1"]

1. d4 Nf6 2. Nf3 c5 3. c3 d5 4. Bf4 Nc6 5. e3 Qb6 6. Na3 a6 7. Qb3 Qxb3 8. axb3 Bg4 9. Ne5 Nxe5 10. Bxe5 e6 11. Nc2 Bf5 12. Bb5+ Nd7 13. Kd2 Rc8 14. Bxd7+ Kxd7 15. dxc5 Bxc5 16. Nd4 f6 17. Nxf5 fxe5 18. Ng3 g5 19. h4 Rcf8 20. Ke2 g4 21. h5 Kc6 22. Ra4 Rhg8 23. c4 Rf7 24. Rh4 Be7 25. cxd5+ exd5 26. Rhxg4 Rgf8 27. f3 e4 28. f4 Bf6 29. Nf5 Bxb2 30. Nd4+ Bxd4 31. Rxd4 Rf5 32. Rg7 Rxh5 33. g4 Rh2+ 34. Kf1 a5 35. Rg5 Rd8 36. Kg1 Re2 37. Rh5 Rxe3 38. Rxh7 Rg3+ 39. Kh2 Rxg4 40. f5 Rf8 41. Rh5 Rf4 42. f6 R8xf6 43. Rdxd5 b6 44. Rde5 Rg6 45. b4 axb4 46. Kh3 b3 47. Rhg5 Rxg5 48. Rxg5 e3 49. Rg1 e2 50. Re1 b2 0-1

[Event "Irkutsk Baykal op"]
[Site "Irkutsk"]
[Date "2016.07.07"]
[Round "7"]
[White "Khipkhenov, Igor"]
[Black "Arbynova, Agniya"]
[Result "1/2-1/2"]
[WhiteElo "2049"]
[BlackElo "1816"]
[PlyCount "68"]
[EventDate "2016.07.02"]
[EventType "swiss"]
[EventRounds "9"]
[EventCountry "RUS"]
[SourceTitle "EXT 2019"]
[Source "ChessBase"]
[SourceDate "2018.10.10"]
[SourceVersion "1"]
[SourceVersionDate "2018.10.10"]
[SourceQuality "1"]

1. c4 Nf6 2. Nf3 g6 3. d4 Bg7 4. g3 0-0 5. Bg2 d6 6. Nc3 Nc6 7. d5 Na5 8. Nd2 c5 9. Qc2 a6 10. b3 Bd7 11. Bb2 b5 12. 0-0 Rb8 13. Rab1 Qc8 14. Nce4 Bf5 15. Nxf6+ Bxf6 16. e4 Bxb2 17. Rxb2 Bh3 18. f4 Bxg2 19. Kxg2 bxc4 20. bxc4 Qg4 21. Rf3 e5 22. h3 Qd7 23. f5 Rxb2 24. Qxb2 Qa4 25. Qa3 Qb4 26. Qe3 Nxc4 27. Nxc4 Qxc4 28. f6 Kh8 29. h4 Qxa2+ 30. Rf2 Qb1 31. h5 g5 32. h6 Rg8 33. Rf1 Qc2+ 34. Rf2 Qb1 1/2-1/2

[Event "Irkutsk Baykal op"]
[Site "Irkutsk"]
[Date "2016.07.02"]
[Round "1"]
[White "Shcherbakov, Gleb"]
[Black "Khipkhenov, Igor"]
[Result "0-1"]
[WhiteElo "1592"]
[BlackElo "2049"]
[PlyCount "78"]
[EventDate "2016.07.02"]
[EventType "swiss"]
[EventRounds "9"]
[EventCountry "RUS"]
[SourceTitle "EXT 2019"]
[Source "ChessBase"]
[SourceDate "2018.10.10"]
[SourceVersion "1"]
[SourceVersionDate "2018.10.10"]
[SourceQuality "1"]

1. d4 Nf6 2. c4 e5 3. dxe5 Ne4 4. Nf3 Nc6 5. Qc2 Bb4+ 6. Bd2 Nxd2 7. Nbxd2 Qe7 8. a3 Bxd2+ 9. Qxd2 b6 10. Qc3 Bb7 11. e3 0-0-0 12. 0-0-0 Rhe8 13. e6 fxe6 14. Bd3 g5 15. Rhg1 g4 16. Nd4 Rf8 17. Qc2 h5 18. Rdf1 Qh4 19. g3 Qf6 20. Nxc6 Bxc6 21. Be4 Bxe4 22. Qxe4 d5 23. cxd5 exd5 24. Qa4 Kb8 25. Kb1 d4 26. exd4 Rxd4 27. Qc2 Qf5 28. Rc1 Rd2 29. Qxf5 Rxf5 30. Rcd1 Rfxf2 31. Rxd2 Rxd2 32. Rh1 Rg2 33. Kc1 c5 34. Rf1 Rxh2 35. Rf8+ Kb7 36. Rf7+ Ka6 37. Rh7 h4 38. Rxh4 Rxh4 39. gxh4 g3 0-1

[Event "Irkutsk-ch op"]
[Site "Irkutsk"]
[Date "2016.02.22"]
[Round "4"]
[White "Prokhorov, Yury"]
[Black "Khipkhenov, Igor"]
[Result "0-1"]
[WhiteElo "1744"]
[BlackElo "2072"]
[PlyCount "72"]
[EventDate "2016.02.13"]
[EventType "swiss"]
[EventRounds "9"]
[EventCountry "RUS"]
[SourceTitle "EXT 2018"]
[Source "ChessBase"]
[SourceDate "2017.10.13"]
[SourceVersion "1"]
[SourceVersionDate "2017.10.13"]
[SourceQuality "1"]

1. d4 Nf6 2. c4 e5 3. dxe5 Ne4 4. Nf3 Nc6 5. Nbd2 Bb4 6. a3 Bxd2+ 7. Nxd2 Nxd2 8. Bxd2 Nxe5 9. e3 d6 10. Bc3 Qe7 11. Be2 f6 12. Bh5+ g6 13. Be2 Bd7 14. 0-0 h5 15. Qb3 0-0-0 16. Rae1 g5 17. f4 gxf4 18. exf4 Nc6 19. Bf3 Qg7 20. Qc2 Rdg8 21. Bd5 Rf8 22. b4 Ne7 23. Be4 Rh6 24. b5 Ng6 25. Qa4 Kb8 26. Bd4 b6 27. Qc2 Nh4 28. Bf2 Nxg2 29. Bxg2 Bh3 30. Be3 Bxg2 31. Rf2 Be4+ 32. Rg2 Bxg2 33. Qc3 Bb7+ 34. Kf2 Rg6 35. Ke2 Rg2+ 36. Kd1 Re8 0-1

[Event "Irkutsk-ch op"]
[Site "Irkutsk"]
[Date "2016.02.21"]
[Round "3"]
[White "Khipkhenov, Igor"]
[Black "Grekhneva, Yana"]
[Result "0-1"]
[WhiteElo "2072"]
[BlackElo "1757"]
[PlyCount "64"]
[EventDate "2016.02.13"]
[EventType "swiss"]
[EventRounds "9"]
[EventCountry "RUS"]
[SourceTitle "EXT 2018"]
[Source "ChessBase"]
[SourceDate "2017.10.13"]
[SourceVersion "1"]
[SourceVersionDate "2017.10.13"]
[SourceQuality "1"]

1. c4 c6 2. e4 d5 3. exd5 cxd5 4. d4 dxc4 5. Bxc4 Nf6 6. Nf3 e6 7. Nc3 Bb4 8. 0-0 0-0 9. Bg5 Be7 10. Re1 a6 11. a3 b5 12. Ba2 Bb7 13. Ne5 Nbd7 14. Rc1 Rc8 15. Re3 Nd5 16. Bxd5 Bxg5 17. Bxb7 Rc7 18. Bxa6 Bxe3 19. fxe3 Nxe5 20. dxe5 Qg5 21. Qd4 Rc4 22. Qd3 Rg4 23. Qe2 b4 24. h3 Rh4 25. Nb5 bxa3 26. bxa3 Rxh3 27. Nd4 Rxe3 28. Qf2 Rxa3 29. Rc6 Ra1+ 30. Bf1 Qxe5 31. Nf3 Qe4 32. Kh2 Qxc6 0-1

[Event "Irkutsk Region-ch sf3"]
[Site "Irkutsk"]
[Date "2014.08.08"]
[Round "5"]
[White "Ergeshov, Timur"]
[Black "Khipkhenov, Igor"]
[Result "1-0"]
[WhiteElo "1975"]
[BlackElo "2065"]
[PlyCount "79"]
[EventDate "2014.08.04"]
[EventType "swiss"]
[EventRounds "9"]
[EventCountry "RUS"]
[SourceTitle "EXT 2016"]
[Source "ChessBase"]
[SourceDate "2015.10.08"]
[SourceVersion "1"]
[SourceVersionDate "2015.10.08"]
[SourceQuality "1"]

1. d4 Nf6 2. Nf3 c5 3. c4 cxd4 4. Nxd4 e5 5. Nb3 d5 6. cxd5 Qxd5 7. Qxd5 Nxd5 8. e4 Nb4 9. Na3 N8c6 10. Bc4 Be6 11. Bxe6 fxe6 12. 0-0 a6 13. Be3 Nd3 14. Nc4 b5 15. Nb6 Rb8 16. Rab1 Nd4 17. Nxd4 exd4 18. Bxd4 Bc5 19. Bxc5 Nxc5 20. Rbc1 Nd3 21. Rc6 Nxb2 22. Rxe6+ Kf7 23. Rc6 Rhe8 24. f3 Re6 25. Rc7+ Kg6 26. Nd5 Kh6 27. Rfc1 Nc4 28. Ne7 g6 29. Nd5 a5 30. a4 Nd6 31. R7c6 bxa4 32. Nc7 Re7 33. Rxd6 a3 34. Rdd1 a2 35. Nd5 Reb7 36. Nc3 Rb2 37. Ra1 Rc2 38. Rdc1 Rb1 39. Rcxb1 axb1Q+ 40. Nxb1 1-0

[Event "Irkutsk Region-ch sf3"]
[Site "Irkutsk"]
[Date "2014.08.07"]
[Round "4"]
[White "Khipkhenov, Igor"]
[Black "Shelk, Alexander"]
[Result "1-0"]
[WhiteElo "2065"]
[BlackElo "2348"]
[PlyCount "81"]
[EventDate "2014.08.04"]
[EventType "swiss"]
[EventRounds "9"]
[EventCountry "RUS"]
[SourceTitle "EXT 2016"]
[Source "ChessBase"]
[SourceDate "2015.10.08"]
[SourceVersion "1"]
[SourceVersionDate "2015.10.08"]
[SourceQuality "1"]

1. c4 e5 2. d3 Nf6 3. Nf3 Nc6 4. a3 a5 5. e3 g6 6. b3 Bg7 7. Bb2 d6 8. d4 exd4 9. Nxd4 0-0 10. Be2 Ne5 11. Nc3 d5 12. cxd5 Nxd5 13. 0-0 Nxc3 14. Bxc3 Bd7 15. Qd2 c5 16. Nf3 Nxf3+ 17. Bxf3 Bxc3 18. Qxc3 Qc7 19. b4 axb4 20. axb4 Rxa1 21. Rxa1 b6 22. Bd5 Qd6 23. e4 cxb4 24. Qb3 Be6 25. Bxe6 Qxe6 26. Qxb4 Rb8 27. g3 b5 28. h4 h5 29. Ra7 Qc6 30. Qe7 Qc4 31. Rc7 Qb3 32. Rc6 b4 33. e5 Qd1+ 34. Kh2 Qd8 35. Qc5 b3 36. e6 Qf8 37. exf7+ Qxf7 38. Rc7 Qf5 39. Qc4+ Kf8 40. Qd4 Ke8 41. Qe3+ 1-0

[Event "Irkutsk Ermolaev Memorial 7th"]
[Site "Irkutsk"]
[Date "2013.08.11"]
[Round "9"]
[White "Khipkhenov, Igor"]
[Black "Obolenskikh, Dmitry Aleksandrovi"]
[Result "0-1"]
[WhiteElo "2055"]
[BlackElo "2486"]
[PlyCount "190"]
[EventDate "2013.08.02"]
[EventType "swiss"]
[EventRounds "9"]
[EventCountry "RUS"]
[SourceTitle "CBM 155 Extra"]
[Source "ChessBase"]
[SourceDate "2013.08.26"]
[SourceVersion "1"]
[SourceVersionDate "2013.08.26"]
[SourceQuality "1"]

1. c4 Nf6 2. Nf3 g6 3. Nc3 Bg7 4. g3 0-0 5. Bg2 d6 6. 0-0 Nc6 7. Rb1 a5 8. a3 Bf5 9. d3 Qc8 10. Re1 Bh3 11. Bh1 h6 12. b4 axb4 13. axb4 e5 14. c5 dxc5 15. bxc5 Ra5 16. Qb3 Qd7 17. Bd2 Rxc5 18. Qxb7 Rb8 19. Qa6 Rxb1 20. Rxb1 Nd4 21. Nxd4 exd4 22. Ne4 Nxe4 23. Bxe4 Rc2 24. Qa5 Qe6 25. Bf3 Kh7 26. Rc1 Qb3 27. Rxc2 Qxc2 28. Be1 c5 29. Qd2 Qb3 30. Qc1 Bf8 31. Bd2 h5 32. Bg5 Bg7 33. Bf4 Bf6 34. Bg2 Bxg2 35. Kxg2 Qd5+ 36. f3 Be5 37. Kf2 Bxf4 38. Qxf4 c4 39. dxc4 Qxc4 40. h4 Qd5 41. Qd2 Qe5 42. Qd3 Kg7 43. Qd2 Qc5 44. Qd3 Qb6 45. e3 Qb2+ 46. Qe2 dxe3+ 47. Kxe3 Qb6+ 48. Kd2 Qd6+ 49. Qd3 Qxg3 50. Qe4 Qd6+ 51. Ke3 Kf6 52. Qa4 Qe5+ 53. Kf2 Qh2+ 54. Ke3 Qg1+ 55. Ke2 Qc5 56. Kf1 Qd5 57. Qf4+ Ke6 58. Kg2 Qa2+ 59. Kg3 Qe2 60. Qa4 Qe5+ 61. Kg2 Kf5 62. Qc2+ Kf6 63. Qc6+ Kg7 64. Qc4 Qe3 65. Qb4 Qe2+ 66. Kg3 Qe5+ 67. Kg2 Qd5 68. Kg3 Kf6 69. Qa4 Ke6 70. Qe8+ Kd6 71. Qd8+ Ke5 72. Qe8+ Kd4 73. Qa4+ Kc3 74. Qa3+ Kc2 75. Qa4+ Kd2 76. Qb4+ Ke2 77. Qb2+ Qd2 78. Qb5+ Ke1 79. Qb1+ Qd1 80. Qb4+ Kf1 81. Qc4+ Qe2 82. Qxf7 Qf2+ 83. Kf4 Qxh4+ 84. Ke3 Qg5+ 85. f4 Qc5+ 86. Kf3 Qf2+ 87. Ke4 Qe2+ 88. Kd4 Qb2+ 89. Ke3 Qc3+ 90. Ke4 h4 91. Qa2 h3 92. Qa6+ Ke1 93. Qa2 Kd1 94. Qb1+ Kd2 95. Qg1 Qd3+ 0-1

[Event "Irkutsk-ch"]
[Site "Irkutsk"]
[Date "2010.12.30"]
[Round "3"]
[White "Khipkhenov, Igor"]
[Black "Obolenskikh, Dmitry Aleksandrovi"]
[Result "0-1"]
[WhiteElo "2059"]
[BlackElo "2467"]
[PlyCount "56"]
[EventDate "2010.12.28"]
[EventType "tourn"]
[EventRounds "9"]
[EventCountry "RUS"]
[SourceTitle "CBM 140 Extra"]
[Source "ChessBase"]
[SourceDate "2011.03.01"]
[SourceVersion "1"]
[SourceVersionDate "2011.03.01"]
[SourceQuality "1"]

1. Nf3 Nf6 2. d4 g6 3. c4 Bg7 4. g3 0-0 5. Bg2 d6 6. 0-0 Nc6 7. d5 Na5 8. Nfd2 c5 9. Nc3 Rb8 10. Qc2 a6 11. b3 b5 12. Bb2 bxc4 13. bxc4 Bh6 14. e3 Bf5 15. Nce4 Nxe4 16. Bxe4 Bxe4 17. Nxe4 Nxc4 18. Qxc4 Rxb2 19. Qxa6 Qa8 20. Qc4 Rb4 21. Qd3 Bg7 22. a3 Ra4 23. Ra2 c4 24. Qc2 Rc8 25. Nd2 c3 26. Nb1 Qxd5 27. Qxa4 Qxa2 28. Qd7 Qe6 0-1

[Event "Irkutsk Region-ch"]
[Site "Irkutsk"]
[Date "2010.10.17"]
[Round "1"]
[White "Obolenskikh, Dmitry Aleksandrovi"]
[Black "Khipkhenov, Igor"]
[Result "1-0"]
[WhiteElo "2435"]
[BlackElo "2170"]
[PlyCount "27"]
[EventDate "2010.10.17"]
[EventType "tourn"]
[EventRounds "11"]
[EventCountry "RUS"]
[SourceTitle "EXT 2012"]
[Source "ChessBase"]
[SourceDate "2011.11.24"]
[SourceVersion "1"]
[SourceVersionDate "2011.11.24"]
[SourceQuality "1"]

1. Nf3 Nf6 2. c4 d6 3. Nc3 Bg4 4. d4 Nbd7 5. e4 e5 6. Be2 Be7 7. Be3 0-0 8. Qb3 b6 9. Rd1 exd4 10. Rxd4 Nc5 11. Qc2 a5 12. e5 Nfd7 13. exd6 Bxd6 14. Rxg4 1-0

[Event "Sibiria Region-ch"]
[Site "Irkutsk"]
[Date "2010.05.16"]
[Round "3"]
[White "Khipkhenov, Igor"]
[Black "Tsydypov, Zhamsaran"]
[Result "0-1"]
[WhiteElo "2170"]
[BlackElo "1995"]
[PlyCount "82"]
[EventDate "2010.05.15"]
[EventType "swiss"]
[EventRounds "9"]
[EventCountry "RUS"]
[SourceTitle "CBM 136 Extra"]
[Source "ChessBase"]
[SourceDate "2010.07.02"]
[SourceVersion "2"]
[SourceVersionDate "2010.07.15"]
[SourceQuality "1"]

1. d4 Nf6 2. Nf3 g6 3. c4 Bg7 4. g3 0-0 5. Bg2 d6 6. 0-0 Nc6 7. Nc3 Bf5 8. b3 Ne4 9. Bb2 Nxc3 10. Bxc3 Be4 11. Rc1 d5 12. c5 a5 13. a3 e6 14. e3 Qe7 15. b4 axb4 16. axb4 Na7 17. Qe2 c6 18. Nd2 Bxg2 19. Kxg2 Nb5 20. Nb3 Ra3 21. Qb2 Rfa8 22. Na5 e5 23. Rfd1 Rxc3 24. Rxc3 exd4 25. Rcd3 dxe3 26. Qe2 Qe4+ 27. Qf3 e2 28. Re1 Qxb4 29. Rxe2 Qxa5 30. Re7 Rf8 31. Qf4 b6 32. h4 bxc5 33. h5 Qb4 34. Qg5 h6 35. Qe3 c4 36. Rd1 Bd4 37. Qe2 Nc3 38. Qe1 Bc5 39. Rd7 Nxd1 40. Qxd1 c3 41. hxg6 Qe4+ 0-1

[Event "Irkutsk Urbanovich Memorial"]
[Site "Irkutsk"]
[Date "2010.03.25"]
[Round "12"]
[White "Khipkhenov, Igor"]
[Black "Gutsol, Maxim"]
[Result "1-0"]
[WhiteElo "2170"]
[BlackElo "1464"]
[PlyCount "53"]
[EventDate "2010.03.14"]
[EventType "tourn"]
[EventRounds "15"]
[EventCountry "RUS"]
[SourceTitle "EXT 2023"]
[Source "ChessBase"]
[SourceDate "2022.10.05"]
[SourceVersion "1"]
[SourceVersionDate "2022.10.05"]
[SourceQuality "1"]

1. e4 c6 2. d4 d5 3. exd5 cxd5 4. Bd3 Nc6 5. c3 e5 6. dxe5 Nxe5 7. Bb5+ Nc6 8. Nf3 Bc5 9. 0-0 Nge7 10. Nbd2 0-0 11. Nb3 Bb6 12. h3 Nf5 13. Bf4 a6 14. Bd3 Re8 15. Qc2 g6 16. Qd2 Qf6 17. Rfe1 Be6 18. Re2 Nh4 19. Ne5 Bxh3 20. Bg5 Qg7 21. Nxc6 Nxg2 22. Rxe8+ Rxe8 23. Ne7+ Kh8 24. Nxd5 Bd8 25. Bxd8 Rxd8 26. Be4 Nh4 27. Qg5 1-0

[Event "Irkutsk Urbanovich Memorial"]
[Site "Irkutsk"]
[Date "2010.03.22"]
[Round "9"]
[White "Usov, Alexander"]
[Black "Khipkhenov, Igor"]
[Result "1-0"]
[WhiteElo "1701"]
[BlackElo "2170"]
[PlyCount "59"]
[EventDate "2010.03.14"]
[EventType "tourn"]
[EventRounds "15"]
[EventCountry "RUS"]
[SourceTitle "EXT 2023"]
[Source "ChessBase"]
[SourceDate "2022.10.05"]
[SourceVersion "1"]
[SourceVersionDate "2022.10.05"]
[SourceQuality "1"]

1. e4 c5 2. Nf3 d6 3. d4 cxd4 4. Nxd4 Nf6 5. f3 a6 6. c4 Nc6 7. Be3 g6 8. Nc3 Bg7 9. Qd2 h5 10. Be2 Bd7 11. Nb3 Be6 12. Na4 Nd7 13. 0-0 Nce5 14. Rac1 0-0 15. Nd4 Bxc4 16. Bxc4 Nxc4 17. Rxc4 b5 18. Bh6 Ne5 19. Rcc1 bxa4 20. Bxg7 Kxg7 21. f4 Ng4 22. h3 Nh6 23. f5 Qb6 24. Kh1 Rfb8 25. Rc2 Rc8 26. Rxc8 Rxc8 27. fxg6 Rc4 28. gxf7 Nxf7 29. Ne6+ Kg8 30. Qf4 1-0

[Event "Irkutsk Urbanovich Memorial"]
[Site "Irkutsk"]
[Date "2010.03.19"]
[Round "6"]
[White "Khipkhenov, Igor"]
[Black "Sorokovikov, Vasily"]
[Result "0-1"]
[WhiteElo "2170"]
[BlackElo "1837"]
[PlyCount "45"]
[EventDate "2010.03.14"]
[EventType "tourn"]
[EventRounds "15"]
[EventCountry "RUS"]
[SourceTitle "EXT 2023"]
[Source "ChessBase"]
[SourceDate "2022.10.05"]
[SourceVersion "1"]
[SourceVersionDate "2022.10.05"]
[SourceQuality "1"]

1. d4 d5 2. c4 e6 3. Nc3 Nf6 4. Bf4 Nc6 5. cxd5 exd5 6. e3 Bd6 7. Bxd6 Qxd6 8. Bd3 0-0 9. Nge2 Re8 10. Ng3 Bg4 11. Qc2 Nxd4 12. Qd2 Nc6 13. 0-0 Rad8 14. Rfe1 Ne5 15. Nb5 Qb6 16. Qc3 c6 17. Na3 Nxd3 18. Qxd3 Ne4 19. b3 Nxg3 20. hxg3 Bh5 21. Rac1 Qa5 22. Nc2 Bg6 23. Qd2 0-1